Minecraft Mobs: Loot - Statistics

General Stats
  • This quiz has been taken 66 times
    30 since last reset
  • The average score is 96 of 119
Answer Stats
Mob Drop % Correct
Blaze Blaze Rod
100%
Bogged | Parched | Skeleton | Stray Arrow
94%
Panda Bamboo
89%
Bogged | Parched | Skeleton | +3 others Bone
89%
Husk | Zombie | Zombie Villager Carrot
89%
Copper Golem | Drowned Copper Ingot
89%
Enderman Ender Pearl
89%
Chicken | Parrot Feather
89%
Creeper | Ghast | Witch Gunpowder
89%
Husk | Iron Golem | Zombie | Zombie Villager Iron Ingot
89%
Cow | Donkey | Hoglin | +5 others Leather
89%
Nautilus Nautilus Shell
89%
Elder Guardian | Guardian | Pufferfish Pufferfish
89%
Cow | Mooshroom Raw Beef
89%
Chicken Raw Chicken
89%
Cod | Dolphin | Elder Guardian | +2 others Raw Cod
89%
Rabbit Raw Rabbit
89%
Elder Guardian | Guardian | Polar Bear | Salmon Raw Salmon
89%
Camel Husk | Drowned | Husk | +6 others Rotten Flesh
89%
Slime Slimeball
89%
Snow Golem Snowball
89%
Cave Spider | Spider | Witch Spider Eye
89%
Elder Guardian | Guardian | Tropical Fish Tropical Fish
89%
Magma Cube Magma Cream
83%
Sheep Raw Mutton
83%
Hoglin | Pig Raw Porkchop
83%
Shulker Shulker Shell
83%
Sheep Wool
83%
Evoker | Vindicator Emerald
78%
Ghast Ghast Tear
78%
Glow Squid Glow Ink Sac
78%
Squid Ink Sac
78%
Wither Nether Star
78%
Iron Golem Poppy
78%
Husk | Zombie | Zombie Villager Potato
78%
Elder Guardian | Guardian Prismarine Shard
78%
Rabbit Rabbit Hide
78%
Turtle Seagrass
78%
Cat | Cave Spider | Spider | Strider String
78%
Evoker Totem of Undying
78%
Wither Skeleton Wither Skeleton Skull
78%
Breeze Breeze Rod
72%
Rabbit Rabbit's Foot
72%
Witch Redstone Dust
72%
Wither Skeleton Coal
67%
Phantom Phantom Membrane
67%
Ravager Saddle
67%
Elder Guardian Wet Sponge
67%
Witch Glowstone Dust
61%
Zombified Piglin Gold Nugget
61%
Warden Sculk Catalyst
61%
Witch Stick
61%
Witch Sugar
61%
Bogged Arrow of Poison
56%
Cod | Pufferfish | Salmon | Tropical Fish Bone Meal
56%
Zombified Piglin Gold Ingot
56%
Stray Arrow of Slowness
50%
Witch Glass Bottle
50%
Elder Guardian | Guardian Prismarine Crystals
50%
Parched Arrow of Weakness
39%
Elder Guardian Tide Armor Trim
28%
No matching quizzes found
Score Distribution
Percent of People with Each Score
Percentile by Number Answered
Your Score History
You have not taken this quiz since the last reset